| 000 | 00518nam a2200157 i 4500 | ||
|---|---|---|---|
| 001 | 65091 | ||
| 003 | ES-MaACL | ||
| 005 | 20230906165310.0 | ||
| 007 | t| | ||
| 008 | 040108s1910 it ||||1| ita d | ||
| 100 | 1 |
_aFragola, Giuseppe. _952083 |
|
| 245 | 1 | 0 |
_aTeoria delle limitazioni amministrative al diritto di propietá con speciale riferimento ai regolamenti comunali / _cGiuseppe Fragola. |
| 260 |
_aMilano : _b[s.n., _c1910] ( _eParma : _fA. Cervini) |
||
| 300 |
_a356 p. ; _c25 cm. |
||
| 852 |
_aES-MaACL _jF-9903 |
||
| 999 |
_c65091 _d65091 |
||